<?xml version="1.0" encoding="utf-8"?>
<?xml-stylesheet type='text/xsl' href='./oai2.xsl'?>
<OAI-PMH xmlns="http://www.openarchives.org/OAI/2.0/" xmlns:xsi="http://www.w3.org/2001/XMLSchema-instance" xsi:schemaLocation="http://www.openarchives.org/OAI/2.0/ http://www.openarchives.org/OAI/2.0/OAI-PMH.xsd">
  <responseDate>2026-06-07T20:29:33Z</responseDate>
  <request verb="GetRecord" metadataPrefix="marcxml" identifier="record_kuniweb_1475979">https://kulturerbe.niedersachsen.de/oai</request>
  <GetRecord>
    <record>
      <header>
        <identifier>record_kuniweb_1475979</identifier>
        <datestamp>2026-03-31T19:09:18Z</datestamp>
        <setSpec>slg0186</setSpec>
      </header>
      <metadata>
        <marc:record xmlns:marc="http://www.loc.gov/MARC21/slim" xsi:schemaLocation="http://www.loc.gov/MARC21/slim http://www.loc.gov/standards/marcxml/schema/MARC21slim.xsd">
          <marc:leader>12345nrm  22     uu 4500</marc:leader>
          <marc:controlfield tag="001">1475979</marc:controlfield>
          <marc:controlfield tag="003">http://kuniweb.gbv.de</marc:controlfield>
          <marc:controlfield tag="005">2023-11-20T14:47:10</marc:controlfield>
          <marc:controlfield tag="008">|           ||||||||||||||||||||||</marc:controlfield>
          <marc:datafield tag="245" ind1="1" ind2="0">
            <marc:subfield code="a">Schreibschrank</marc:subfield>
          </marc:datafield>
          <marc:datafield tag="655" ind1=" " ind2="7">
            <marc:subfield code="a">Kunsthandwerk</marc:subfield>
          </marc:datafield>
          <marc:datafield tag="046" ind1=" " ind2=" ">
            <marc:subfield code="k">1720</marc:subfield>
            <marc:subfield code="k">um 1720</marc:subfield>
          </marc:datafield>
          <marc:datafield tag="260" ind1=" " ind2=" ">
            <marc:subfield code="g">1720</marc:subfield>
            <marc:subfield code="g">um 1720</marc:subfield>
          </marc:datafield>
          <marc:datafield tag="300" ind1=" " ind2=" ">
            <marc:subfield code="a">Höhe: 178 cm
Breite: 113,5 cm
Tiefe: 56,5 cm</marc:subfield>
          </marc:datafield>
          <marc:datafield tag="520" ind1=" " ind2=" ">
            <marc:subfield code="a">Der Aufsatzschreibschrank besteht aus einem breiten, kommodenartigen Unterbau, einem Schreibpult und einem Aufsatz. Der Unterbau mit drei Schubfächern steht auf auf einem Sockelrahmen mit Brettfüßen. An den drei Schubfächern sind die Schlüssellöcher quer gestellt. Durchgehende Seitenteile verbinden Unterbau und Schreibpult. Vierkantige Schiebehölzer mit Holzknauf halten die schräge Platte des Schreibpults im geöffneten Zustand. Die Mitteltür des weniger tiefen Aufsatzes begleiten jeweils fünf Schubfächer. Mit der Tür werden auch die zehn Schubfächer verschlossen. Das dezente Abschlussgesims verkröpft sich in der Form eines Danziger Giebels oberhalb der Tür, die diese Form aufnimmt.
Das Eingerichte des Schreibpults besteht aus je drei kleinen Schubladen zu beiden Seiten. In der Mitte bleiben die Fächer offen. Diese sind wie die Schreibplatte mit grünem Papier ausgelegt. Der Mittelteil des Aufsatzes hat unten ein Schubfach und teilt sich darüber in zwei große und drei kleine Gefache auf. Die offenen Fächer sind ebenfalls mit einer Schranktapete beklebt.
Die Marketerie wird durch einfaches Bandelwerk aus Pflaume (?) und Esche (?) bestimmt. Breite Nussbaumrahmungen betonen die Flächen zusätzlich. Die Bänder der Einlagen kreuzen sich und schwingen mehrfach ein und aus. Auf den Seitenteilen des Unterbaus liegt die vieleckige Rahmung aus Pflaume zwischen zwei breiten Rahmungen aus Nussbaum. Die Mitte des Feldes ist mit Esche furniert. Insgesamt finden sich Einlagen aus Esche nur am Unterbau.
Die Seitenteile des Aufsatzes sind einfacher gestaltet. Sie sind mit Nussbaum furniert und durch ein Band aus Pflaumenholz gerahmt. Diese Vereinfachung ist wohl durch die extremen Größenunterschiede der Seitenteile von Unterbau und Aufsatz bedingt. Da die Breite der Bandeinlagen auf den Seitenteilen gleich bleibt, wäre bei weiteren Rahmungen keine Innenfläche mehr vorhanden. (Schneider 2021)

Veröffentlicht in:
A. Schneider, „Braunschweiger Möbel des 18. Jahrhunderts“, Reihe Braunschweigisches Kunsthandwerk, Bd. 4. Richard Borek Stiftung, Braunschweig, 2021. (S. 124-127, Nr. S 5 (mit Vergleichslit.).)</marc:subfield>
          </marc:datafield>
          <marc:datafield tag="500" ind1=" " ind2=" ">
            <marc:subfield code="a">Nachlass/Erbschaft/Vermächtnis

20.01.1944</marc:subfield>
          </marc:datafield>
          <marc:datafield tag="650" ind1="1" ind2=" ">
            <marc:subfield code="a">Möbel &gt; Schreibmöbel &gt; Sekretär</marc:subfield>
          </marc:datafield>
          <marc:datafield tag="650" ind1="1" ind2=" ">
            <marc:subfield code="a">Gebrauchsgegenstand</marc:subfield>
          </marc:datafield>
          <marc:datafield tag="650" ind1="1" ind2=" ">
            <marc:subfield code="a">Schreibschränke</marc:subfield>
          </marc:datafield>
          <marc:datafield tag="773" ind1="0" ind2=" ">
            <marc:subfield code="t">Sammlung Kunstgewerbe</marc:subfield>
          </marc:datafield>
          <marc:datafield tag="852" ind1=" " ind2=" ">
            <marc:subfield code="a">Städtisches Museum Braunschweig</marc:subfield>
          </marc:datafield>
          <marc:datafield tag="852" ind1=" " ind2=" ">
            <marc:subfield code="a">Braunschweig</marc:subfield>
          </marc:datafield>
          <marc:datafield tag="" ind1=" " ind2=" ">
            <marc:subfield code="a">Namensnennung - Nicht kommerziell - Keine Bearbeitungen 4.0 International (CC BY-NC-ND 4.0)</marc:subfield>
          </marc:datafield>
        </marc:record>
      </metadata>
    </record>
  </GetRecord>
</OAI-PMH>
